000 00588nam a22002057a 4500
003 OSt
005 20140310182948.0
008 130205t xxu||||| |||| 00| 0 eng d
020 _a9789715382311
050 _aDS 674
_b.Or63 2011
082 _aFIL 959.9
_bN277 2011
245 _aOral and local history writing
_bseminar-workshop proceedings (2007-2008)
260 _aManila
_bNational Historical Commission of the Philippines
_c2011
300 _axlviii, 494 p.
_c23 cm.
521 _aCollege
526 _c1210L-1700L
541 _j1
562 _e1
942 _2lcc
_cBK
_kFIL
999 _c17852
_d17852